Tottenham Hotspur FC 2018-2019 Squad - Statistics

General Stats
  • This quiz has been taken 947 times
    915 since last reset
  • The average score is 21 of 28
Answer Stats
Position Kit Number Nationality Answer % Correct
GK` #1 France Hugo Lloris
98%
FOR #10 England Harry Kane
96%
FOR #7 South Korea Son Heung-Min
95%
MID #23 Denmark Christian Eriksen
90%
DEF #5 Belgium Jan Vertonghen
90%
DEF #6 Colombia Davinson Sanchez
87%
MID #20 England Dele Alli
86%
DEF #4 Belgium Toby Alderweireld
86%
DEF #33 Wales Ben Davies
85%
MID #15 England Eric Dier
85%
MID #27 Brazil Lucas
85%
Manager N/A Argentina Mauricio Pochettino
85%
DEF #3 England Danny Rose
82%
MID #17 France Moussa Sissoko
81%
MID #12 Kenya Victor Wanyama
81%
MID #11 Argentina Erik Lamela
80%
MID #8 England Harry Winks
80%
MID #19 Belgium Mousa Dembele
78%
DEF #24 Ivory Coast Serge Aurier
78%
FOR #18 Spain Fernando Llorente
75%
DEF #2 England Kieran Trippier
75%
GK #13 Netherlands Michel Vorm
75%
GK #22 Argentina Paulo Gazzaniga
70%
DEF #21 Argentina Juan Foyth
61%
FOR #9 Netherlands Vincent Janssen
52%
DEF #16 England Kyle Walker-Peters
44%
MID #25 England Josh Onomah
12%
MID #40 England Luke Amos
9%
No matching quizzes found
Score Distribution
Percent of People with Each Score
Percentile by Number Answered
Your Score History
You have not taken this quiz since the last reset